000 00684nam a2200217Ia 4500
003 OSt
005 20250918123219.0
008 210719s2016 xx 000 0 und d
040 _cAL
041 _aTulu
082 _aT894.4 NAVP
100 _aNAVIN SUVARNA PADRE
_dನವೀನ್ ಸುವರ್ಣ ಪಡ್ರೆ
_9239382
245 _aPoo ari: madu madipu nudikatt
_bಪೂ ಅರಿ: ಮದು ಮದಿಪು ನುಡಿಕಟ್ಟ್
260 _aSurathkal
_c2016
300 _axxii,168
_bPB
365 _b150
_cRs
650 _aTulu Literature
_9239383
650 _aTulu Prose
_9239384
906 _aari: ; madipu ; madu ; nudikatt ; Poo ; Pu
942 _2ddc
_cBK
999 _c211842
_d211842